[Event "LJEM M-V 2025 u10"]
[Site "Malchow"]
[Date "2025.02.02"]
[Round "2.1"]
[White "Hornych, Fridtjof"]
[Black "Nehmzow, Johann"]
[Result "1-0"]
[WhiteElo "1090"]
[BlackElo "796"]
[Time "08:30:00"]
[WhiteTeam "SF Schwerin"]
[BlackTeam "SF Schwerin"]

1.e4 e5 2.Nf3 Nc6 3.Bb5 d6 4.O-O Nf6 5.Nc3 a6 6.Ba4 g6 7.d4 Bd7 8.dxe5 
dxe5 9.Bxc6 bxc6 10.Nxe5 Bd6 11.Nxd7 Qxd7 12.Re1 Ng4 13.h3 Bh2+ 14.Kf1 Nf6
15.Qxd7+ Nxd7 16.g3 Ne5 17.Kg2 O-O-O 18.f4 Nc4 19.Kxh2 f5 20.e5 h5 21.b3 
Nb6 22.Bb2 Rd2+ 23.Re2 Rdd8 24.Rae1 h4 25.e6 hxg3+ 26.Kxg3 Rde8 27.Na4 
Rhg8 28.h4 Nd5 29.Nc5 g5 30.hxg5 Ne7 31.Nxa6 Ng6 32.Nc5 Rh8 33.Bxh8 Rxh8 
34.e7 Re8 35.a4 Kb8 36.a5 Ka7 37.Re6 Nh8 38.Rxc6 Nf7 39.Rxc7+ Kb8 40.Rb7+ 
Kc8 41.a6 Nd6 42.a7 Nxb7 43.a8=Q+ Kc7 44.Qxb7+ Kd6 45.Qb6+ Kd5 46.Rd1# 1-0

[Event "LJEM M-V 2025 u10"]
[Site "Malchow"]
[Date "2025.02.02"]
[Round "2.2"]
[White "Sperling, Jakob"]
[Black "Korth, Alexander"]
[Result "0-1"]
[WhiteElo "733"]
[BlackElo "980"]
[Time "08:30:00"]
[WhiteTeam "Putlitzer SV 1921"]
[BlackTeam "Greifswalder SV"]

1.g3 e5 2.Bg2 Nf6 3.Nf3 Nc6 4.d3 Bc5 5.O-O d6 6.e3 Be6 7.d4 exd4 8.exd4 
Bb6 9.Ng5 Nxd4 10.Be3 Nc6 11.Bxb6 axb6 12.Nd2 O-O 13.Qe2 Bf5 14.Bxc6 bxc6 
15.Qf3 Qd7 16.Qg2 Bxc2 17.h3 Bd3 18.Rfe1 Rae8 19.Nge4 Qf5 20.f3 d5 21.
Nxf6+ Qxf6 22.Re3 Rxe3 23.f4 Rfe8 24.Nf3 Re2 25.Qf1 Qxb2 26.g4 Qc2 27.Ne1 
Qd2 28.Nxd3 Qxd3 29.Rd1 Qe3+ 30.Kh1 Re1 31.Rxe1 Qxe1 32.Qxe1 Rxe1+ 33.Kg2 
Re2+ 34.Kf1 Rxa2 35.Ke1 b5 36.Kd1 b4 37.Kc1 b3 38.h4 d4 39.g5 d3 40.f5 d2+
41.Kd1 b2 42.Kxd2 b1=Q+ 43.Kc3 Ra4 44.Kd2 Qb3 45.Kc1 Qa2 46.Kd1 Rb4 47.Kc1
Rb1# 0-1

[Event "LJEM M-V 2025 u10"]
[Site "Malchow"]
[Date "2025.02.02"]
[Round "3.1"]
[White "Petsch, Lenni"]
[Black "Hornych, Fridtjof"]
[Result "0-1"]
[WhiteElo "926"]
[BlackElo "1090"]
[Time "14:30:00"]
[WhiteTeam "TSG Neustrelitz"]
[BlackTeam "SF Schwerin"]

1.d4 d5 2.Nc3 Nf6 3.Bg5 Bf5 4.Bxf6 gxf6 5.e3 e6 6.g4 Bg6 7.Nf3 Nc6 8.Bb5 
Qd6 9.Bxc6+ Qxc6 10.Nh4 Bb4 11.Nxg6 fxg6 12.a3 Bxc3+ 13.bxc3 Qxc3+ 14.Kf1 
Ke7 15.Ke2 Qc4+ 16.Qd3 Qxd3+ 17.cxd3 Rhb8 18.Rac1 Kd6 19.Rb1 b6 20.Rhg1 
Rc8 21.g5 f5 22.e4 dxe4 23.dxe4 c5 24.Ke3 c4 25.exf5 exf5 26.Kd2 Re8 27.
Kc3 Re2 28.Rgf1 Kd5 29.Rbe1 Rae8 30.Rxe2 Rxe2 31.h3 Re4 32.Rd1 Rh4 33.Rh1 
Rxd4 34.h4 Rg4 35.f3 Rg3 36.Rd1+ Kc6 37.Kxc4 Rxf3 38.Kb4 Rf4+ 39.Kb3 Rxh4 
40.Rc1+ Kb7 41.Rg1 Rh3+ 42.Ka2 f4 43.a4 f3 44.Rf1 Rh2+ 45.Kb3 f2 46.Kb4 
Rh4+ 47.Kb3 Rf4 48.Ka3 Kc6 49.Kb3 Kc5 50.Ka3 Kc4 51.Kb2 Kd3 52.Kc1 Ke2 53.
Rh1 f1=Q+ 54.Rxf1 Rxf1+ 55.Kc2 Rg1 56.Kc3 Rxg5 57.Kd4 h5 58.Ke4 Rg4+ 59.
Ke5 h4 60.Kd6 h3 61.Kd5 h2 62.Kc6 h1=Q+ 63.Kb5 Qd5+ 64.Ka6 Rxa4# 0-1

[Event "LJEM M-V 2025 u10"]
[Site "Malchow"]
[Date "2025.02.02"]
[Round "3.2"]
[White "Korth, Alexander"]
[Black "Schubert, Anton"]
[Result "1/2-1/2"]
[WhiteElo "980"]
[BlackElo "920"]
[Time "14:30:00"]
[WhiteTeam "Greifswalder SV"]
[BlackTeam "SF Schwerin"]

1.d4 d5 2.Bf4 Nf6 3.Nf3 Bf5 4.e3 e6 5.c4 Bb4+ 6.Nc3 c5 7.cxd5 exd5 8.Bxb8 
Qxb8 9.Bb5+ Nd7 10.O-O O-O 11.Nxd5 Nf6 12.Nxf6+ gxf6 13.dxc5 Bxc5 14.Rc1 
Bb4 15.Qb3 Qd6 16.Rfd1 Be6 17.Rxd6 Bxb3 18.Rd4 Rac8 19.Rxc8 Rxc8 20.h3 
Rc1+ 21.Kh2 Bc5 22.Rd2 Kg7 23.axb3 a6 24.Be8 Bb6 25.Rd7 Bc7+ 26.Rxc7 Rxc7 
27.Nd4 Kf8 28.Ba4 b5 29.Nxb5 axb5 30.Bxb5 Rc2 31.Kg3 Rxb2 32.Bc4 Ra2 33.f4
Ra5 34.Kg4 f5+ 35.Kg5 Kg7 36.g4 h6+ 37.Kh4 f6 38.g5 Rc5 39.Kh5 fxg5 40.
fxg5 f4 41.exf4 Rf5 42.Kg4 Rf8 43.gxh6+ Kxh6 44.b4 Rc8 45.Bd3 Rf8 46.Kf3 
Kh5 47.f5 Kh4 48.Bf1 Re8 49.Kf4 Kh5 50.Bd3 Rd8 51.Be2+ Kh4 52.Bf1 Rd4+ 53.
Ke5 Rxb4 54.f6 Rb8 55.Ke6 Rb6+ 56.Ke7 Kg5 57.f7 Rb7+ 58.Ke8 Rb8+ 59.Ke7 
Rb7+ 60.Ke8 Rb8+ 1/2-1/2

[Event "LJEM M-V 2025 u10"]
[Site "Malchow"]
[Date "2025.02.03"]
[Round "4.2"]
[White "Petsch, Lenni"]
[Black "Korth, Alexander"]
[Result "0-1"]
[WhiteElo "926"]
[BlackElo "980"]
[Time "08:30:00"]
[WhiteTeam "TSG Neustrelitz"]
[BlackTeam "Greifswalder SV"]

1.e4 e5 2.Nf3 Nc6 3.Bb5 Bc5 4.O-O d6 5.Bxc6+ bxc6 6.Nc3 Nf6 7.d3 O-O 8.Bg5
h6 9.Be3 Bxe3 10.fxe3 Ng4 11.h3 Nxe3 12.Qe2 Nxf1 13.Qxf1 Ba6 14.Rd1 Rb8 
15.Rb1 d5 16.exd5 cxd5 17.Nxe5 Qd6 18.Qe1 Rbe8 19.d4 f6 20.Qf2 fxe5 21.Qe3
exd4 22.Qxd4 Qb6 23.Qxb6 axb6 24.Nxd5 Bc4 25.Nxc7 Bxa2 26.Nxe8 Bxb1 27.Nd6
Bxc2 28.b4 Rd8 29.Nc4 Rd4 30.Ne3 Ba4 31.Kf2 Rxb4 32.Nd5 Rb5 33.Nc3 Rb4 34.
Nd5 Rb5 35.Nc3 Ra5 36.Ke3 Bc6 37.g4 Ra3 38.Kd2 Rxc3 39.Kxc3 Kf7 40.Kd4 b5 
41.Kc5 Kf6 42.h4 Kg6 43.h5+ Kg5 44.Kxc6 b4 45.Kb5 b3 46.Kc5 b2 47.Kd6 b1=Q
48.Ke7 Qf1 49.Ke6 Qf6+ 50.Kd5 Qe7 51.Kd4 Kxg4 52.Kd5 Kxh5 53.Kd4 g5 54.Kd5
g4 55.Kd4 g3 56.Kd5 g2 57.Kd4 g1=R 58.Kc4 Rc1+ 59.Kb3 Qb7+ 0-1

[Event "LJEM M-V 2025 u10"]
[Site "Malchow"]
[Date "2025.02.03"]
[Round "4.7"]
[White "Stepanjan, Gurgen"]
[Black "Sperling, Jakob"]
[Result "0-1"]
[WhiteElo "822"]
[BlackElo "733"]
[Time "08:30:00"]
[WhiteTeam "ESV 1888 Wittenberge"]
[BlackTeam "Putlitzer SV 1921"]

1.e4 g6 2.Nf3 Nc6 3.Bb5 Bg7 4.d4 Nf6 5.Nc3 d6 6.Bxc6+ Bd7 7.Bxb7 Rb8 8.Bd5
O-O 9.Bg5 e6 10.Bxf6 Qxf6 11.e5 Qd8 12.Qd2 Rxb2 13.Qg5 exd5 14.Qxd8 Rxd8 
15.Nxd5 c6 16.Nf6+ Bxf6 17.exf6 Rdb8 18.O-O c5 19.c4 Bg4 20.Rab1 Rxb1 21.
h3 Bxf3 22.gxf3 Rxf1+ 23.Kxf1 cxd4 24.Ke2 Rb2+ 25.Kd3 Rxa2 26.Kxd4 Rb2 27.
Kd5 Rb6 28.c5 Rb8 29.c6 Kf8 30.Kxd6 Ke8 31.Kc7 Rd8 0-1

[Event "LJEM M-V 2025 u10"]
[Site "Malchow"]
[Date "2025.02.04"]
[Round "5.1"]
[White "Korth, Alexander"]
[Black "Hornych, Fridtjof"]
[Result "1/2-1/2"]
[WhiteElo "980"]
[BlackElo "1090"]
[Time "08:30:00"]
[WhiteTeam "Greifswalder SV"]
[BlackTeam "SF Schwerin"]

1.d4 d5 2.Bf4 Nf6 3.Nf3 Bf5 4.e3 e6 5.c3 Nbd7 6.Nbd2 c5 7.Be2 Be7 8.O-O 
O-O 9.Nh4 Ne4 10.Nxf5 exf5 11.Nxe4 fxe4 12.dxc5 Nxc5 13.c4 dxc4 14.Bxc4 
Qxd1 15.Raxd1 Rad8 16.f3 a5 17.Bc7 Rxd1 18.Rxd1 exf3 19.gxf3 a4 20.Bb6 h6 
21.Kg2 Rc8 22.Bxc5 Rxc5 23.b3 Bg5 24.Rd3 axb3 25.axb3 b5 26.Rd5 Rxd5 27.
Bxd5 Bxe3 28.Kh3 Kf8 29.Kg4 Ke7 30.Bc6 b4 31.Bd5 1/2-1/2

[Event "LJEM M-V 2025 u10"]
[Site "Malchow"]
[Date "2025.02.04"]
[Round "5.4"]
[White "Koldrack, Erik"]
[Black "Pentzold, Emil"]
[Result "0-1"]
[WhiteElo "844"]
[BlackElo "930"]
[Time "08:30:00"]
[WhiteTeam "Think Rochade - SC HRO"]
[BlackTeam "SG Güstrow/Teterow"]

1.e4 g6 2.Bc4 Bg7 3.d3 d6 4.c3 Nf6 5.Qe2 O-O 6.d4 e5 7.Nd2 exd4 8.cxd4 
Nfd7 9.Ndf3 c5 10.Bg5 Qc7 11.dxc5 Nxc5 12.Bf4 Be6 13.Qd3 Nxd3+ 14.Bxd3 
Bxb2 15.Rb1 Qc3+ 16.Bd2 Qxd3 17.Rxb2 Bc4 18.Nh3 Qe2# 0-1

[Event "LJEM M-V 2025 u10"]
[Site "Malchow"]
[Date "2025.02.04"]
[Round "5.10"]
[White "Saldsieder, Tore"]
[Black "Stepanjan, Gurgen"]
[Result "1-0"]
[WhiteElo "756"]
[BlackElo "822"]
[Time "08:30:00"]
[WhiteTeam "HSG Stralsund"]
[BlackTeam "ESV 1888 Wittenberge"]

1.e4 e5 2.Nf3 Nc6 3.Bb5 Nf6 4.Nc3 Bb4 5.Bxc6 dxc6 6.Nxe5 Qd4 7.Nf3 Qd6 8.
O-O Bxc3 9.b3 Nxe4 10.Re1 O-O 11.Rxe4 Qg6 12.Re5 Bh3 13.Ng5 f6 14.Ne4 -- 
15.Nd6 -- 16.Nf5 -- 17.Ne7+ Kf7 18.Nxg6 fxe5 19.Nxf8 Rxf8 20.Qf3+ Kg8 21.
Qxh3 Re8 22.Qh5 Kf8 23.Ba3+ Re7 24.Bxe7+ Kxe7 25.Qxe5+ Kd8 26.Qxg7 b6 27.
Re1 Kc8 28.Re7 Kb7 29.Rxc7+ Ka6 30.Rxa7+ Kb5 31.Qxh7 c5 32.Qd3+ c4 33.Qd5+
1-0

[Event "LJEM M-V 2025 u10"]
[Site "Malchow"]
[Date "2025.02.04"]
[Round "6.1"]
[White "Hornych, Fridtjof"]
[Black "Schubert, Anton"]
[Result "0-1"]
[WhiteElo "1090"]
[BlackElo "920"]
[Time "14:30:00"]
[WhiteTeam "SF Schwerin"]
[BlackTeam "SF Schwerin"]

1.e4 e5 2.Nf3 Nc6 3.Bb5 Nge7 4.O-O a6 5.Ba4 g6 6.Nc3 Bg7 7.d3 O-O 8.Be3 d6
9.h3 Be6 10.Qd2 Re8 11.Bh6 Bh8 12.Ne2 d5 13.Qg5 b5 14.Ng3 bxa4 15.Nh5 Nc8 
16.Qg3 dxe4 17.dxe4 Nd6 18.Ng5 Bc4 19.Rfd1 Rb8 20.b3 axb3 21.axb3 Be2 22.
f3 Bxd1 23.Rxd1 f6 24.Qh4 fxg5 25.Bxg5 Qc8 26.Nf6+ Bxf6 27.Bxf6 Re6 28.f4 
Qf8 29.fxe5 Nxe5 30.Rf1 Nd7 31.Bb2 Qe7 32.Qe1 Rxe4 33.Qc3 Qe5 34.Qxe5 Nxe5
35.g4 Rf8 36.Ra1 Nf3+ 37.Kh1 Re1+ 38.Rxe1 Nxe1 39.Kh2 Nxc2 40.g5 Rf2+ 41.
Kg3 Rf5 42.h4 Nb4 43.h5 Rxg5+ 44.Kf4 Rxh5 45.Kg4 Kf7 46.Bg7 Kxg7 47.Kf4 
Nc6 0-1

[Event "LJEM M-V 2025 u10"]
[Site "Malchow"]
[Date "2025.02.04"]
[Round "6.4"]
[White "Nehmzow, Johann"]
[Black "Pentzold, Emil"]
[Result "0-1"]
[WhiteElo "796"]
[BlackElo "930"]
[Time "14:30:00"]
[WhiteTeam "SF Schwerin"]
[BlackTeam "SG Güstrow/Teterow"]

1.e4 g6 2.Nf3 Bg7 3.d4 d6 4.h3 Nf6 5.Nc3 O-O 6.e5 dxe5 7.dxe5 Qxd1+ 8.Nxd1
Nd5 9.Bc4 Nb4 10.Ne3 Bh6 11.Nd5 Nxc2+ 12.Kd1 Nxa1 13.Bxh6 Rd8 14.Kc1 Bf5 
15.Nxc7 Rc8 16.Rd1 Na6 17.g4 Rxc7 18.b3 b5 19.Kb2 bxc4 20.Kxa1 c3 21.gxf5 
c2 22.Kb2 cxd1=Q 23.fxg6 Qc2+ 24.Ka3 Rb8 25.Ka4 Qxa2# 0-1

[Event "LJEM M-V 2025 u10"]
[Site "Malchow"]
[Date "2025.02.05"]
[Round "7.2"]
[White "Pentzold, Emil"]
[Black "Hornych, Fridtjof"]
[Result "0-1"]
[WhiteElo "930"]
[BlackElo "1090"]
[Time "08:30:00"]
[WhiteTeam "SG Güstrow/Teterow"]
[BlackTeam "SF Schwerin"]

1.Nf3 d5 2.g3 Nc6 3.Bg2 Nf6 4.d4 Bf5 5.O-O e6 6.Bf4 Be7 7.Nc3 O-O 8.Nh4 
Bg6 9.Nxg6 hxg6 10.f3 Nh5 11.Be3 Bd6 12.Bf2 a6 13.e4 Ne7 14.a3 f5 15.e5 
Nc6 16.exd6 Qxd6 17.Re1 Rae8 18.Bh3 Nf6 19.g4 fxg4 20.Bg3 Qd7 21.fxg4 Qf7 
22.Rf1 Qe7 23.Bh4 Rf7 24.Qd2 Ref8 25.Rae1 Qd7 26.Na4 b6 27.Qe3 Nd8 28.g5 
Ne4 29.Nc3 Nd6 30.Nxd5 Rxf1+ 31.Rxf1 Rxf1+ 32.Kxf1 Qf7+ 33.Nf4 Nf5 34.Bxf5
Qxf5 35.d5 e5 36.c4 Qxf4+ 37.Qxf4 exf4 38.b4 Kf8 39.Ke2 Ke7 40.Kd3 Kd6 41.
a4 Nf7 42.c5+ bxc5 43.b5 axb5 44.a5 Kd7 45.a6 Kc8 46.Bf2 Ne5+ 47.Kc3 Nd7 
48.Kd2 Kb8 49.Ke2 Ka7 50.Kf3 Kxa6 51.Kxf4 b4 52.Ke3 Kb5 53.Kd2 c4 54.Bd4 
c3+ 55.Kc2 Kc4 56.Bxg7 b3+ 57.Kb1 Kd3 58.h4 Kd2 59.Ka1 c2 60.Bb2 c1=Q+ 61.
Bxc1+ Kxc1 62.d6 b2+ 63.Ka2 b1=Q+ 64.Ka3 Kc2 65.Ka4 Kc3 66.Ka5 Kc4 67.Ka6 
Qb6# 0-1

[Event "LJEM M-V 2025 u10"]
[Site "Malchow"]
[Date "2025.02.05"]
[Round "7.7"]
[White "Saldsieder, Tore"]
[Black "Koldrack, Erik"]
[Result "0-1"]
[WhiteElo "756"]
[BlackElo "844"]
[Time "08:30:00"]
[WhiteTeam "HSG Stralsund"]
[BlackTeam "Think Rochade - SC HRO"]

1.e4 e5 2.Nf3 Nc6 3.Bb5 Nf6 4.Nc3 Bc5 5.O-O d6 6.Bxc6+ bxc6 7.d4 Bb6 8.
dxe5 Ng4 9.Bg5 f6 10.exf6 gxf6 11.Bh4 Qe7 12.Nd2 Qg7 13.Nf3 f5 14.exf5 
Bxf5 15.Qe1+ Kf8 16.Qe7+ Qxe7 17.Bxe7+ Kxe7 18.Rac1 Nxf2 19.Nh4 Nd3+ 20.
Kh1 Nxc1 21.Nxf5+ Ke6 22.Na4 Nxa2 23.Nxb6 axb6 24.h3 Raf8 25.Nd4+ Kd5 26.
Nf5 Ke5 27.g4 h5 28.Kg2 hxg4 29.hxg4 Rhg8 30.Kg3 Rxf5 31.Rxf5+ Ke6 32.Kf4 
Ra8 33.b3 Nc3 34.Kg5 Rg8+ 35.Kf4 Nd5+ 36.Kg3 Ne3 37.Rf4 Nxc2 38.Re4+ Kd5 
39.Kf3 Nd4+ 40.Kf4 Rf8+ 41.Ke3 Nc2+ 42.Kd3 Rf3+ 0-1

[Event "LJEM M-V 2025 u12"]
[Site "Malchow"]
[Date "2025.02.01"]
[Round "1.1"]
[White "Vollendorff, Lukas"]
[Black "Tran, Nhat Nam"]
[Result "0-1"]
[WhiteElo "1012"]
[BlackElo "1363"]
[Time "14:30:00"]
[WhiteTeam "Think Rochade - SC HRO"]
[BlackTeam "Greifswalder SV"]

1.e4 g6 2.d4 Bg7 3.Nf3 d6 4.Bc4 Nf6 5.Nc3 O-O 6.Bf4 Nbd7 7.O-O b6 8.Re1 
Nh5 9.Bg5 Kh8 10.Qd2 Bb7 11.d5 Qe8 12.Bb5 a6 13.Ba4 b5 14.Bb3 c5 15.a4 b4 
16.Ne2 Bxb2 17.Rab1 Bg7 18.Bc4 Nb6 19.Bb3 Rc8 20.c3 c4 21.Bc2 b3 22.Bd1 
Nxa4 23.Be3 Nf6 24.Ng3 Nxd5 25.exd5 Nxc3 26.Rc1 Na2 27.Rb1 c3 28.Qd3 c2 
29.Rxb3 cxd1=Q 30.Rxd1 Nc3 31.Re1 Bxd5 32.Ra3 Bc4 33.Qd2 Bb5 34.Bd4 Na4 
35.Bxg7+ Kxg7 36.Qg5 Rc5 37.Qg4 e6 38.Qd4+ Kg8 39.Qxd6 Qc6 40.Qd4 Qd5 41.
Qh4 Rc4 42.Ne4 Qd8 43.Nfg5 h5 44.g4 Kg7 45.gxh5 gxh5 46.Qxh5 Rxe4 47.Nxe4 
Rh8 48.Qg4+ Kf8 49.Qf4 Qe7 50.Rf3 Rg8+ 51.Rg3 Rxg3+ 52.Nxg3 Nb6 53.Qb8+ 
Kg7 54.Qxb6 Qb4 55.Qe3 Bc6 56.Qg5+ Kf8 57.Qh6+ Ke7 58.Nf5+ Kd7 59.Rd1+ Kc7
60.Ne3 Qe4 61.Kf1 Bb5+ 62.Ke1 Qb4+ 63.Rd2 Qb1+ 64.Nd1 Qe4+ 65.Qe3 Qh1# 0-1

[Event "LJEM M-V 2025 u12"]
[Site "Malchow"]
[Date "2025.02.01"]
[Round "1.2"]
[White "Khanbekyan, Aram"]
[Black "Semenov, Maxim"]
[Result "1-0"]
[WhiteElo "1570"]
[BlackElo "944"]
[Time "14:30:00"]
[WhiteTeam "Greifswalder SV"]
[BlackTeam "TuS Makkabi Rostock"]

1.e4 c5 2.Nc3 e6 3.g3 d6 4.Bg2 Nc6 5.d3 Nf6 6.Nge2 Be7 7.O-O O-O 8.h3 b5 
9.Be3 Bb7 10.Qd2 d5 11.exd5 exd5 12.Bg5 d4 13.Bxf6 Bxf6 14.Ne4 Rb8 15.Nxc5
Qc7 16.Nxb7 Rxb7 17.Qf4 Qe7 18.Bxc6 Rc7 19.Qf3 Rfc8 20.Be4 Rxc2 21.Rac1 
Qd7 22.Bf5 Qc7 23.Bxc8 Qxc8 24.Rxc2 Qxc2 25.Qa8+ 1-0

[Event "LJEM M-V 2025 u12"]
[Site "Malchow"]
[Date "2025.02.01"]
[Round "1.3"]
[White "Wiechert, Emil"]
[Black "König, Lian"]
[Result "0-1"]
[WhiteElo "941"]
[BlackElo "1450"]
[Time "14:30:00"]
[WhiteTeam "SSC Rostock 07"]
[BlackTeam "SF Schwerin"]

1.e4 e5 2.Nf3 Nc6 3.Bc4 Bc5 4.O-O Nf6 5.d3 d6 6.c3 h6 7.b4 Bb6 8.Qb3 O-O 
9.h3 a5 10.Be3 Bxe3 11.fxe3 a4 12.Qc2 Bd7 13.a3 Re8 14.Nbd2 Ne7 15.Qa2 Rf8
16.Nh4 b5 17.Bd5 c6 18.Bxf7+ Rxf7 19.Rf3 Qf8 20.Raf1 d5 21.exd5 cxd5 22.e4
Rc8 23.c4 dxc4 24.dxc4 Be6 25.Rc1 Rc7 26.Rfc3 bxc4 27.Nxc4 Nxe4 28.Rf3 
Rxf3 29.Nxf3 Nd6 30.Nfd2 Qc8 31.Re1 Nxc4 32.Rc1 Nxd2 33.Rxc7 Bxa2 34.Rxc8+
Nxc8 0-1

[Event "LJEM M-V 2025 u12"]
[Site "Malchow"]
[Date "2025.02.01"]
[Round "1.4"]
[White "Chychkan, Pavlo"]
[Black "Sdunek, Timo"]
[Result "1-0"]
[WhiteElo "1200"]
[BlackElo "905"]
[Time "14:30:00"]
[WhiteTeam "Think Rochade - SC HRO"]
[BlackTeam "SSC Rostock 07"]

1.e4 e5 2.Nf3 Nc6 3.Bc4 Nf6 4.Ng5 d5 5.exd5 Na5 6.Bb3 Nxb3 7.axb3 Qxd5 8.
O-O e4 9.Nc3 Qxg5 10.d3 Qe5 11.dxe4 Nxe4 12.Nxe4 f5 13.Ng3 Be7 14.Re1 Qd6 
15.Qxd6 cxd6 16.Bg5 O-O 17.Bxe7 Rf7 18.Bxd6 f4 19.Re8+ 1-0

[Event "LJEM M-V 2025 u12"]
[Site "Malchow"]
[Date "2025.02.01"]
[Round "1.5"]
[White "Hammerich, Devon"]
[Black "Subocz, Emma"]
[Result "1-0"]
[WhiteElo "1431"]
[BlackElo "1165"]
[Time "14:30:00"]
[WhiteTeam "SC Mecklenburger Springer"]
[BlackTeam "SAV Torgelow-Drögeheide 90"]

1.e4 e5 2.Nf3 Nc6 3.Nc3 Nf6 4.Bb5 Bd6 5.O-O O-O 6.d3 a6 7.Bxc6 bxc6 8.Bg5 
Be7 9.Nxe5 h6 10.Bxf6 Bxf6 11.Ng4 Rb8 12.Rb1 d6 13.Qf3 Bxg4 14.Qxg4 Re8 
15.f3 d5 16.exd5 cxd5 17.Qh5 c6 18.Qf5 Re5 19.Qf4 Re6 20.Qc1 Bg5 21.f4 Bf6
22.Nd1 Qe8 23.Nf2 h5 24.Re1 Rxe1+ 25.Qxe1 Qxe1+ 26.Rxe1 Rxb2 27.Re8+ Kh7 
28.Rf8 Rb1+ 29.Nd1 Rxd1+ 30.Kf2 Rd2+ 31.Kg3 h4+ 32.Kg4 Rxg2+ 33.Kf5 Rf2 
34.h3 Kh6 35.Rh8# 1-0

[Event "LJEM M-V 2025 u12"]
[Site "Malchow"]
[Date "2025.02.01"]
[Round "1.6"]
[White "Zietz, Leni"]
[Black "Waligora, Franz"]
[Result "1-0"]
[WhiteElo "1159"]
[BlackElo "854"]
[Time "14:30:00"]
[WhiteTeam "Think Rochade - SC HRO"]
[BlackTeam "SSC Rostock 07"]

1.d4 d5 2.Nf3 Bf5 3.Bf4 Nf6 4.e3 e6 5.Nbd2 Bd6 6.Bg3 O-O 7.Be2 Nc6 8.c4 
Nd7 9.O-O Re8 10.Qb3 Bxg3 11.hxg3 Nb6 12.c5 Nd7 13.Qxb7 Na5 14.Qa6 c6 15.
b4 Nc4 16.Bxc4 dxc4 17.Nxc4 Nb8 18.Qb7 Nd7 19.Qxc6 Nf6 20.Nd6 Re7 21.Ne5 
Ne8 22.Nb7 Qb8 23.Nd6 Qxb4 24.Qxa8 Qa4 25.Nc6 g6 26.Nxe7+ Kf8 27.Nexf5 
exf5 28.Qd5 Qd7 29.Rab1 Nf6 30.Rb7 Nxd5 31.Rxd7 Nc3 32.Rxf7+ Kg8 33.Kh2 
Nxa2 34.Rb1 Nb4 35.Rxb4 f4 36.Rb8# 1-0

[Event "LJEM M-V 2025 u12"]
[Site "Malchow"]
[Date "2025.02.01"]
[Round "1.7"]
[White "Uecker, Emil"]
[Black "Seegebrecht, Johann"]
[Result "0-1"]
[WhiteElo "816"]
[BlackElo "1574"]
[Time "14:30:00"]
[WhiteTeam "SAV Torgelow-Drögeheide 90"]
[BlackTeam "SC Mecklenburger Springer"]

1.e4 g6 2.Nf3 Bg7 3.d4 d6 4.Be2 Nd7 5.O-O c5 6.Bb5 a6 7.Bc4 e6 8.Ng5 cxd4 
9.Nf3 Ne7 10.Nxd4 Nc5 11.Nc3 O-O 12.b4 Nd7 13.Bxe6 Qb6 14.Bxd7 Bxd7 15.Rb1
Qxd4 16.Qxd4 Bxd4 17.Nd5 Nxd5 18.exd5 Bf5 19.c3 Bxb1 20.cxd4 Bxa2 21.Bh6 
Rfe8 22.Bf4 Rad8 23.Bg5 Rc8 24.Bf4 Bxd5 25.Bxd6 Rc4 26.Rd1 Rxd4 27.Rc1 Bc6
28.Bc5 Rc4 29.Rb1 Re2 30.h3 Re5 31.Bd6 Rg5 32.g3 h5 33.Be7 Re5 34.Bd6 Rf5 
35.Re1 h4 36.Re8+ Bxe8 37.gxh4 Rxh4 38.Kh2 Bc6 39.Be7 Re4 40.Bd6 Rxf2+ 41.
Kg3 Rd2 42.Kf3 Rxd6 43.Kf2 Rf6+ 44.Kg3 Rxb4 45.Kh2 Rb2+ 46.Kg3 Rg2+ 47.Kh4
Rf4# 0-1

[Event "LJEM M-V 2025 u12"]
[Site "Malchow"]
[Date "2025.02.01"]
[Round "1.8"]
[White "Aslanov, Kamran"]
[Black "Dingler, Mika"]
[Result "1-0"]
[WhiteElo "1451"]
[BlackElo "782"]
[Time "14:30:00"]
[WhiteTeam "SF Schwerin"]
[BlackTeam "SF Schwerin"]

1.e4 e5 2.Nf3 Nc6 3.Bc4 Bc5 4.Nc3 d6 5.h3 Nf6 6.d3 h6 7.O-O O-O 8.Qe2 Nd4 
9.Qd1 Nxf3+ 10.Qxf3 a6 11.a3 b5 12.Ba2 Bd4 13.Qg3 Nh5 14.Qg6 Nf4 15.Qg3 
Nh5 16.Qg6 Nf4 17.Bxf4 exf4 18.Rab1 Bxc3 19.bxc3 d5 20.Qh5 dxe4 21.dxe4 
Qd2 22.Qd5 Qxc2 23.Qxa8 Qxa2 24.Ra1 Qe6 25.Qd5 Qxd5 26.exd5 Bf5 27.Rad1 
Bc2 28.Rd2 Bb3 29.d6 cxd6 30.Rxd6 a5 31.Rb1 Bc2 32.Rb2 Be4 33.Rbd2 f3 34.
gxf3 Bxf3 35.Rd8 Rxd8 36.Rxd8+ Kh7 37.Rd7 Bh5 38.Rd5 Be2 39.Rd7 Bc4 40.Ra7
a4 41.Kh2 g5 42.Kg3 Kg6 43.Ra6+ f6 44.Rc6 Kf5 45.Rc5+ Kg6 46.h4 gxh4+ 47.
Kxh4 f5 48.Rc6+ Kg7 49.Kg3 Bd5 50.Rb6 Bc4 51.Kf4 Kf7 52.Kxf5 Bd3+ 53.Kf4 
Bb1 54.Rxh6 Bd3 55.Kg5 Bc4 56.f4 Kg7 57.Rc6 b4 58.Rxc4 bxa3 59.Rxa4 a2 60.
Rxa2 Kf7 61.Rc2 Ke6 62.c4 Kd6 63.c5+ Kc6 64.f5 Kd5 65.f6 Ke6 66.c6 Kf7 67.
c7 Ke6 68.c8=Q+ Ke5 69.Qc6 Kd4 70.Qc5+ Kd3 71.Qc4+ Ke3 72.Qb3+ Ke4 73.Rc4+
Ke5 74.Qb5+ Ke6 75.Rc6+ Kd7 76.Qb7+ Kd8 77.Rc8# 1-0

[Event "LJEM M-V 2025 u12"]
[Site "Malchow"]
[Date "2025.02.02"]
[Round "2.1"]
[White "Tran, Nhat Nam"]
[Black "Zietz, Leni"]
[Result "1-0"]
[WhiteElo "1363"]
[BlackElo "1159"]
[Time "08:30:00"]
[WhiteTeam "Greifswalder SV"]
[BlackTeam "Think Rochade - SC HRO"]

1.d4 d5 2.c4 Nf6 3.Nf3 Bf5 4.Nc3 e6 5.Bf4 Bd6 6.Bxd6 Qxd6 7.e3 Nbd7 8.c5 
Qe7 9.Nb5 O-O 10.Nxc7 Rac8 11.Nb5 Ra8 12.Nd6 b6 13.Nxf5 exf5 14.b4 a5 15.
a3 f4 16.c6 Nb8 17.Ne5 axb4 18.a4 fxe3 19.fxe3 Rc8 20.Bb5 Ne4 21.Qg4 Rc7 
22.O-O f6 23.Rf5 fxe5 24.Rxe5 Qf8 25.Rf1 Rf7 26.Rxf7 Kxf7 27.Qe6# 1-0

[Event "LJEM M-V 2025 u12"]
[Site "Malchow"]
[Date "2025.02.02"]
[Round "2.2"]
[White "Seegebrecht, Johann"]
[Black "Khanbekyan, Aram"]
[Result "0-1"]
[WhiteElo "1574"]
[BlackElo "1570"]
[Time "08:30:00"]
[WhiteTeam "SC Mecklenburger Springer"]
[BlackTeam "Greifswalder SV"]

1.e4 c5 2.Nf3 d6 3.d4 cxd4 4.Nxd4 Nf6 5.Nc3 e6 6.Be3 Be7 7.Be2 O-O 8.Qd2 
Nc6 9.O-O-O Bd7 10.f3 Qa5 11.Nb3 Qc7 12.Nb5 Qc8 13.Nxd6 Bxd6 14.Qxd6 a5 
15.Bg5 Nb4 16.c3 Nxa2+ 17.Kb1 Nxc3+ 18.bxc3 Ba4 19.Qa3 b5 20.Rc1 Qd7 21.
Rhd1 Qc6 22.e5 Nd5 23.c4 b4 24.Qb2 Nc3+ 25.Rxc3 bxc3 26.Qxc3 Bxb3 27.Rd6 
Qa4 28.Qb2 Rab8 0-1

[Event "LJEM M-V 2025 u12"]
[Site "Malchow"]
[Date "2025.02.02"]
[Round "2.3"]
[White "König, Lian"]
[Black "Aslanov, Kamran"]
[Result "1-0"]
[WhiteElo "1450"]
[BlackElo "1451"]
[Time "08:30:00"]
[WhiteTeam "SF Schwerin"]
[BlackTeam "SF Schwerin"]

1.e4 e5 2.Nf3 Nc6 3.Bc4 Bc5 4.c3 Nf6 5.d3 h6 6.h3 d6 7.a4 a5 8.O-O O-O 9.
Re1 Re8 10.Nbd2 Qe7 11.Nf1 Be6 12.Bxe6 Qxe6 13.Ng3 Ne7 14.Nh4 Ng6 15.Nxg6 
fxg6 16.Be3 Bxe3 17.Rxe3 Re7 18.Qc2 Rc8 19.d4 Qf7 20.Rf1 Rf8 21.Ne2 Qe8 
22.Ng3 b6 23.d5 Nd7 24.b4 Nf6 25.b5 Nd7 26.Ne2 Ref7 27.f3 Re7 28.Rd3 Nc5 
29.Rdd1 Rff7 30.Rf2 Rf8 31.Rdf1 Ref7 32.c4 Rf6 33.Nc1 g5 34.Ne2 g6 35.Nc1 
R8f7 36.Kh2 Qf8 37.Re2 h5 38.Nd3 Nb7 39.Qd1 g4 40.Ref2 g5 41.Qe2 Nc5 42.
Nxc5 bxc5 43.g3 gxf3 44.Qd2 Qa8 45.Qxg5+ Kf8 46.Qxh5 Ke7 47.Rxf3 Qf8 48.
Rxf6 Rxf6 49.Rxf6 Qxf6 50.Qh4 Qxh4 51.gxh4 Kf6 52.Kg3 Kg6 53.Kg4 Kh6 54.h5
Kh7 55.Kg5 Kg7 56.h6+ Kh7 57.h4 Kh8 58.Kg6 Kg8 59.h7+ Kh8 60.Kh6 c6 61.b6 
cxd5 62.b7 1-0

[Event "LJEM M-V 2025 u12"]
[Site "Malchow"]
[Date "2025.02.02"]
[Round "2.4"]
[White "Wiechert, Leonel"]
[Black "Chychkan, Pavlo"]
[Result "1-0"]
[WhiteElo "1068"]
[BlackElo "1200"]
[Time "08:30:00"]
[WhiteTeam "SSC Rostock 07"]
[BlackTeam "Think Rochade - SC HRO"]

1.Nf3 d5 2.d4 Nc6 3.e3 Bg4 4.Nbd2 Nf6 5.Be2 Bxf3 6.Nxf3 e6 7.Bd3 Bd6 8.Nd2
Qd7 9.Qe2 a6 10.c3 O-O-O 11.g4 e5 12.Bf5 Qxf5 13.gxf5 exd4 14.Qd3 Ne4 15.
Nxe4 dxe4 16.Qxe4 Rhe8 17.Qd3 Ne5 18.Qd1 dxe3 19.Bxe3 Nc4 20.Qe2 Nxe3 21.
fxe3 Bc5 22.e4 1-0

[Event "LJEM M-V 2025 u12"]
[Site "Malchow"]
[Date "2025.02.02"]
[Round "2.6"]
[White "Subocz, Emma"]
[Black "Schneider, Tom"]
[Result "1-0"]
[WhiteElo "1165"]
[BlackElo "1052"]
[Time "08:30:00"]
[WhiteTeam "SAV Torgelow-Drögeheide 90"]
[BlackTeam "SV Blau-Weiß Grevesmühlen"]

1.e4 Nc6 2.Nf3 e5 3.Nc3 Bc5 4.Bb5 Nge7 5.O-O d6 6.d4 exd4 7.Nxd4 Bd7 8.Be3
a6 9.Bxc6 Bxc6 10.Nxc6 Nxc6 11.Bxc5 dxc5 12.Qg4 O-O 13.Rad1 Qe7 14.Nd5 Qe5
15.f4 Qxe4 16.Nf6+ Kh8 17.Nxe4 f5 18.Qg5 fxe4 19.Qxc5 h6 20.Rd7 Rac8 21.
Rxc7 Rce8 22.Qc3 Ne7 23.f5 Rxf5 24.Rxf5 Nxf5 25.Rc8 Nd6 26.Rxe8+ Nxe8 27.
Qc8 1-0